| 000 | 01271nam0a2200301 4500 | ||
|---|---|---|---|
| 001 | RU\NLR\bibl\848762 | ||
| 005 | 20260405123300.0 | ||
| 010 |
_a5-17-031606-2 _bАСТ |
||
| 010 |
_a5-478-00129-5 _bВосток-Запад |
||
| 021 |
_aRU _b2005-55159 _92698 |
||
| 035 | _a(NLR Aleph) 000837521 | ||
| 090 |
_a1399649 _c1399649 |
||
| 100 | _a20051005d2005 |||y0rusy50 ca | ||
| 101 | 0 |
_arus _aita |
|
| 102 | _aRU | ||
| 105 | _ay ||||||||| | ||
| 200 | 1 |
_aИтальянский шутя _e100 анекдотов для начального чтения _e[современная уникальная методика освоения любого иностранного языка] _fсб. сост. и подгот. Мария Ефремова |
|
| 210 |
_aМосква _cАСТ _cВосток-Запад _d2005 |
||
| 215 |
_a89 с. _d20 |
||
| 313 | _aМетод чтения Ильи Франка | ||
| 606 | 1 |
_aИтальянский язык _jУчебные издания _91232765 _3RU\NLR\auth\66502827 |
|
| 686 | _aШ147.31-93рус91 | ||
| 702 | 1 |
_4220 _7ca _8rus _aЕфремова _bМ. _cпедагог _gМария _931912 _3RU\NLR\auth\7748977 |
|
| 801 | 0 |
_aRU _bNLR _c20051005 _grcr |
|
| 801 | 1 |
_aRU _bNLR _c20051005 |
|
| 942 | _cBOOK | ||
| 980 | _aNB | ||